000 00781nam a22002177a 4500
999 _c12761
_d12761
003 AR-CdUCM
008 190410b ||||| |||| 00| 0 spa d
040 _aMUNICIPALIDAD PROVINCIAL DEL CUSCO
_cBIBLIOTECA MUNICIPAL DEL CUSCO
082 _aC / 985.61 /
_bM151
110 _aInstituto Nacional De Culcura
_930804
245 _aMachupicchu :
_bHistoria, sacralidad e identidad /
260 _aLima :
_bKonygraf & CIA,
_c2005.
300 _a166 páginas ;
_bIlustraciones, Fotografías, imágenes,
_c30 cm.
505 _aContenido: El mausoleo del Inca -- Las primeras aproximaciones -- El santuario.
650 _aCusco
_9772
650 _aPerú
_935
650 _aArqueología - Cusco
_925536
650 _aMachupicchu
_91751
942 _2ddc
_cLIBROS
945 _acmm
_d2019-04-10